000 00502nam a22001817a 4500
003 CEME
005 20210628203213.0
008 210301b xxu||||| |||| 00| 0 eng d
020 _a0-8031-1389-7
040 _c.
082 _a620.2 ACO
100 _aYamaguchi, Kusuo, Roget, James, Sachse, Wolfgang
_963943
245 _aAcoustic emission current practice and future directions
260 _aUSA
_b450P
_c1991
300 _a450P
650 _aACOUSTIC EMISSION TESTING
_963944
942 _cBK
_2ddc
999 _c572624
_d572624